LEADER 01200nam--2200385---450- 001 990005848130203316 005 20130524094701.0 010 $a88-7062-921-X 035 $a000584813 035 $aUSA01000584813 035 $a(ALEPH)000584813USA01 035 $a000584813 100 $a20130524d1995----km-y0itay0103----ba 101 $aita 102 $aIT 105 $aa|||||||001yy 200 1 $aAgricoltura e commerci nell'Italia antica$f[a cura di Lorenzo Quilici e Stefania Quilici Gigli] 210 $aRoma$c<>Erma di Bretschneider$d1995 215 $a296 p.,$cill.$d26 cm 225 2 $aAtlante tematico di topografia antica. Supplementi$v1 410 0$12001$aAtlante tematico di topografia antica. Supplementi$v1 454 1$12001 461 1$1001-------$12001 606 $aAgricoltura$yItalia$zSec. 9. a.C.-5. d.C.$2BNCF 676 $a263 702 1 $aQUILICI GIGLI,$bStefania 702 1 $aQUILICI,$bLorenzo 801 0$aIT$bsalbc$gISBD 912 $a990005848130203316 951 $aAT 6,21/5$b4744 DSA 959 $aBK 969 $aDSA 979 $aDSA$b90$c20130524$lUSA01$h0947 996 $aAgricoltura e commerci nell'Italia antica$9564013 997 $aUNISA LEADER 03587nas 2200613 n 450 001 990008968540403321 005 20240229084534.0 011 $a0017-0216 035 $a000896854 035 $aFED01000896854 035 $a(Aleph)000896854FED01 035 $a000896854 091 $2CNR$aP 00010715 100 $a20161109b19211987km-y0itaa50------ba 101 0 $aita 102 $aIT 110 $aauu-------- 200 1 $aGiornale della libreria 207 1$a1921-1987 210 $aMilano$cAssociazione italiana editori 430 0$12001$aGiornale della libreria, della tipografia e delle arti ed industrie affini 440 0$1001000896633$12001$aGdL. Giornale della Libreria 530 0 $aGiornale della libreria 675 $a016 675 $a014 675 $a02 675 $a655 712 02$aAssociazione italiana editori 801 0$aIT$bACNP$c20090723 859 4 $uhttp://acnp.cib.unibo.it/cgi-ser/start/it/cnr/dc-p1.tcl?catno=4962&person=false&language=ITALIANO&libr=&libr_th=unina1$zBiblioteche che possiedono il periodico 901 $aSE 912 $a990008968540403321 958 $aBiblioteca del Dipartimento Analisi dei Processi ELPT. Sezione Linguistica dell'Università Federico II$b1982-1986;$c1983-1986;$fDECLI 958 $aBiblioteca. Dipartimento di Economia dell'Università Federico II - Sez. II$b1986-1987.$fSES 958 $aBiblioteca della Facoltà di Economia Complesso Universitario Monte S. Angelo- Università degli Studi di Napoli "Federico II"$b1962-1976;$c1962-1963;1966-1967;1969;1976;$fDECBC 958 $aBRAU. Biblioteca di Ricerca di Area Umanistica$bDOPPIO PROVENIENTE DA NA071 1979-1987.$c1979-1980;$eSP - Per. it. estinto 108$fFLFBC 958 $aBRAU. Biblioteca di Ricerca di Area Umanistica$b1968-1969;1984-1987.$c1968-1969;1984;$eITALIA 395$fFLFBC 958 $aBiblioteca Centrale "F. Gasparini". Facoltà di Ingegneria. Università degli Studi di Napoli "Federico II"$b1968-1970;1975-1987.$eXVf1$fFINBC FINAG 959 $aDECLI 959 $aSES 959 $aDECBC 959 $aFLFBC 959 $aFLFBC 959 $aFINBC 959 $aFINAG 996 $aGiornale della libreria$9649862 997 $aUNINA AP1 8 $6866-01$aNA034 Biblioteca del Dipartimento Analisi dei Processi ELPT. Sezione Linguistica dell'Università Federico II$ev. Cintia-Complesso Universitario Monte, Napoli (NA)$m(081) 675268$m(081) 675270$nit AP1 8 $6866-02$aNA037 Biblioteca. Dipartimento di Economia dell'Università Federico II - Sez. II$eVia Cinthia, 45 - Monte S. Angelo, 80126 Napoli (NA)$m(081) 675016/675025$m081/675014$nit AP1 8 $6866-03$aNA042 Biblioteca della Facoltà di Economia Complesso Universitario Monte S. Angelo- Università degli Studi di Napoli "Federico II"$evia Cinthia,26, 80126 Napoli (NA)$m081676647-0816782$m081676684$nit AP1 8 $6866-04$aNA072 BRAU. Biblioteca di Ricerca di Area Umanistica$bSP - Per. it. estinto 108$ePiazza Bellini 56/60, 80133 Napoli (NA)$m(081) 2533948$nit AP1 8 $6866-05$aNA072 BRAU. Biblioteca di Ricerca di Area Umanistica$bITALIA 395$ePiazza Bellini 56/60, 80133 Napoli (NA)$m(081) 2533948$nit AP1 8 $6866-06$aNA104 Biblioteca Centrale "F. Gasparini". Facoltà di Ingegneria. Università degli Studi di Napoli "Federico II"$bXVf1$ep.le Tecchio,80, 80125 Napoli (NA)$m0817682190;0817682195$m0817682188$nit AP2 40$aacnp.cib.unibo.it$nACNP Italian Union Catalogue of Serials$uhttp://acnp.cib.unibo.it/cgi-ser/start/it/cnr/df-p.tcl?catno=4962&language=ITALIANO&libr=&person=&B=1&libr_th=unina&proposto=NO